LIBRARY & INFORMATION CENTRE, KCAET, TAVANUR

ONLINE PUBLIC ACCESS CATALOGUE (OPAC)

Question bank on agriculture for competitive exams / (Record no. 12990)

MARC details
000 -LEADER
fixed length control field 00480cam a2200169ua 4500
041 ## - LANGUAGE CODE
Language code of text/sound track or separate title eng
082 ## - DEWEY DECIMAL CLASSIFICATION NUMBER
Classification number 630.1076
Item number SIN/QU
100 ## - MAIN ENTRY--AUTHOR NAME
Personal name Singh, Neeraj pratap .
245 ## - TITLE STATEMENT
Title Question bank on agriculture for competitive exams /
260 ## - PUBLICATION, DISTRIBUTION, ETC. (IMPRINT)
Place of publication Lucknow :
Name of publisher International book distributing co. ,
Year of publication 2004.
300 ## - PHYSICAL DESCRIPTION
Number of Pages ; .
500 ## - GENERAL NOTE
General note 21508, 21166 Ref
942 ## - ADDED ENTRY ELEMENTS (KOHA)
Koha item type Books
Holdings
Withdrawn status Lost status Damaged status Collection code Home library Current library Shelving location Date acquired Full call number Accession Number Koha item type
      General Books KAUAET KAUAET General Stacks 07/04/2012 630.1076 21166 Books
        KAUAET KAUAET   07/04/2012 630.1076 21508 Books
free website counter